Spinning Car Logos - Statistics

General Stats
  • This quiz has been taken 4,009 times
    3,969 since last reset
  • The average score is 12 of 16
Answers on the Map
Answers color-coded by a green-red scale on the quiz's map according to % correct below.
 
Answer Stats
Answer % Correct
Honda
98%
Volkswagen
98%
Mercedes
94%
Hyundai
93%
Tesla
84%
Audi
78%
Toyota
78%
Seat
73%
Kia
71%
Mazda
71%
Mitsubishi
71%
Nissan
71%
Suzuki
65%
Lexus
64%
Renault
64%
Citroën
62%
No matching quizzes found
Score Distribution
Percent of People with Each Score
Percentile by Number Answered
Your Score History
You have not taken this quiz since the last reset